Concise encyclopedia biochemistry

Đã lưu trong:
書目詳細資料
格式: 圖書
語言:Undetermined
出版: New York Walter de Gruyter 1983
主題:
標簽: 添加標簽
沒有標簽, 成為第一個標記此記錄!
Thư viện lưu trữ: Trung tâm Học liệu Trường Đại học Cần Thơ
LEADER 00451nam a2200157Ia 4500
001 CTU_26243
008 210402s9999 xx 000 0 und d
082 |a 574.192 
082 |b C755/1983 
245 0 |a Concise encyclopedia biochemistry 
260 |a New York 
260 |b Walter de Gruyter 
260 |c 1983 
650 |a biochemistry - dictionaries,life sciences 
904 |i Minh, 981012 
980 |a Trung tâm Học liệu Trường Đại học Cần Thơ